Quizzes
Events
Quiz Creation
Community
Videos
Private Events
Remove Ads
Sign In
Join for FREE
Feedback
Dark Mode
Quiz Categories
Sports
Geography
Music
Movies
Television
Just For Fun
Miscellaneous
History
Literature
Language
Science
Gaming
Entertainment
Religion
Holiday
For Kids
Quiz Lab
Recent
Popular Today
Quiz Kudos Today
Editor Picks
Curator Picks
Quizzes by...
Day
Popularity
Type
Ratings
Length
Year
Community
Subscriptions
Recent Discussions
Orange Saloon
Badges
Playlists
Quests
Create
Leaderboards
Showdown
Live 5
Trivia Bingo
Activity
Puzzle Library
Sporcle Events
Private Events
Virtual Trivia
Globe League
Become a Host
Pub Owners
SporcleCon
Opinionation
Our Games
Videos
Blog
Mobile Apps
Partnerships
Remove Ads and Go Orange
Feedback
Literature
Harry Potter
A Song of Ice and Fire
The Hunger Games
Literary Character
Shakespeare
Book
Author
Novel
Poem
Young Adult
Children's Books
Play
Lord of the Rings
Literature
Harry Potter
A Song of Ice and Fire
The Hunger Games
Literary Character
Shakespeare
Book
Author
Novel
Poem
Young Adult
Children's Books
Play
Lord of the Rings
Random Quiz
Search Sporcle
×
Quiz Lab
Quiz Lab
Literature
Shakespeare
Type in answers that appear in a list
Type in answers that appear in a list
Classic
Best Score? Go Orange.
Women of Shakespeare Stats
Can you name the Women of Shakespeare as listed in the dramatis personae?
By
minac
10m
120 Questions
270 Plays
270 Plays
270 Plays
Comments
Comments
Give Quiz Kudos
Give Quiz Kudos
-
- Ratings
hide this ad
More Info
Replay
Link that replays current quiz
Next Quiz
Link to next quiz in quiz playlist
You Got
0%
They Got
Avg Score
67%
Avg Friend Score
Upgrade to see
Score Distribution
Jump to the score distribution portion of the page
Score
0/120
Timer
10:00
0
Plays Today
% Correct
Juliet (2)
94.8%
Lady (there are so many Ladies)
93.3%
Ophelia
91.9%
Helena (2)
90.7%
Helen
90.4%
Katherine (4)
90%
Anne (3)
89.6%
Lady Macbeth
89.3%
Beatrice
88.5%
Viola
87.8%
Cleopatra
87.4%
Titania
87.4%
Bianca (2)
87%
Gertrude
87%
Desdemona
86.7%
Maria (2)
86.7%
Rosalind
86.7%
Hermia
86.3%
Cordelia
85.9%
Goneril
85.9%
Hero
85.9%
Emilia (3)
85.2%
Queen Margaret
84.8%
Regan
84.8%
Queen (4)
84.4%
Portia (2)
84.1%
Rosaline
84.1%
Olivia
83.3%
Queen Elizabeth
83%
Queen Isabel
82.6%
Lady Capulet
82.2%
Lady Montague
82.2%
Celia
81.5%
Lady Macduff
81.5%
Hermione
81.1%
Isabella
81.1%
Miranda
80.7%
Julia
80.4%
Queen Katherine
79.3%
Cressida
78.1%
% Correct
Margaret (2)
78.1%
Jessica
77.4%
Mistress Quickly
77%
Hippolyta (2)
76.3%
Innogen
75.9%
Nurse (2)
75.2%
Perdita
74.8%
Volumnia
74.1%
Witch (3)
73.2%
Adriana
73%
Lavinia
71.9%
Audrey
71.5%
Marina
71.5%
Tamora
71.5%
Nerissa
71.1%
Calphurnia
69.3%
Diana (2)
69.3%
Alice
68.9%
Mariana (2)
68.9%
Mistress Page
68.9%
Virgilia
68.9%
Princess of France
68.1%
Mistress Ford
67.8%
Joan La Pucelle
67.2%
Paulina
66.7%
Queen Eleanor
66.3%
Phebe
65.9%
Silvia
65.2%
Cassandra
64.8%
Luciana
64.4%
Ursula
64.1%
Iras
63.7%
Lady Percy
63%
Aemilia
62.7%
Duchess (2)
62.6%
Charmian
62.2%
Luce
62.2%
Andromache
61.9%
Hecate
61.9%
Doll Tearsheet
61.5%
% Correct
Octavia
60%
Valeria
60%
Mistress Overdone
59.6%
Countess (3)
58.9%
Widow (3)
57.4%
Lucetta
56.7%
Thaisa
55.9%
Lady Northumberland
55.2%
Blanche
54.4%
Iris
54.1%
Dorcas
53.3%
Lady Mortimer
52.3%
Constance
51.9%
Daughter (2)
51.9%
Mopsa
50.7%
Jaquenetta
50.4%
Dionyza
48.9%
Juno
48.9%
Margery Jourdain
48.6%
Bawd
48.5%
Duchess of Gloucester
47.8%
Nell
47%
Duchess of York
47%
Gentlewoman (3)
45.9%
Bona
45.2%
Waiting Woman
45%
Francisca
44.8%
Girl
44.4%
Lady Anne
44.4%
Lady Grey
44.1%
Timandra
44.1%
Courtesan
42.6%
Ceres
41.9%
Patience
41.5%
Mother
35.2%
Lady Faulconbridge
32.6%
Helenus
31.9%
Hostess (4)
29.6%
Lychorida
28.9%
Phyrnia
28.5%
Quiz Playlist
Details
Report
Send in Message
Add To Playlist
More Info:
This includes not just proper names, but titles and non-named characters. Please alert me of anything I have missed.
Classic:
Type in answers that appear in a list
Quiz Source
Last Updated: Feb 16, 2017
Quiz Scoreboard
CHALLENGE
Sign Up to Join the Scoreboard
Show All
Scores
Hide
Comments
May contain spoilers
Recently Published
Billboard Blitz: Fleetwood Mac
by CooCooCachoo
Music
15s
Presidents Visiting Landmarks
by Hejman
History
7m
An Introduction to Baseball
by treessimontrees
Sports
5m
More to Explore
Quiz From the Vault
Featured Blog Post
Where Did the Easter Bunny Come From?
hide this ad
You Might Also Like...
Tags
Shakespeare Quiz
Theater
theatre
Women
Today's Top Quizzes in Literature
Browse Literature
hide this ad
Today's Top Quizzes in Shakespeare
Browse Shakespeare
Top Contributed Quizzes in Literature
1
Sneaky Slytherin Logic Puzzle
2
Get The Picture: Black or White Literature
3
5-to-1: Plays
4
A Court of Thorns and Roses (ACoTaR) Logic Puzzle
5
One Thing in Common: Literature
6
One Thing in Common: Literature II
7
One Thing in Common: Books
8
One Thing in Common: Literature 3
9
Harry Potter Neighbourly Logic Puzzle #5
10
Harry Potter Neighbourly Logic Puzzle #6
Explore More
Trending Topics
Harry Potter
Crossword
Kpop
NBA
Disney
Anime
Marvel
Puzzle
Country
Pokémon
Song
The Office
Soccer
WWE
NFL
hide this ad
More By:
minac
Quiz
Plays
Rating
Category
Featured
Created
Les Comédies de Shakespeare (clickable)
859
4.85
Language
Dec 26, 2012
Languages of Wikipedia with over 1,000 entries
509
5.00
Language
May 23, 2012
United States Border Blitz
501
3.00
Geography
Jul 11, 2012
Symbols on Lyra's Alethiometer
474
4.50
Literature
May 24, 2012
Women of Shakespeare
270
5.00
Literature
Dec 18, 2012
Go to Creator's Profile
Score Distribution
Quiz Creator Spotlight
minac
Follow
Send a Message
Quizzes Created
-
Created Quiz Play Count
-
More By This Creator
Popular Quizzes Today
1
Find the US States - No Outlines Minefield
2
Find the Countries of Europe - No Outlines Minefield
3
The Countries of the World
4
Find the US States
5
Risky Map Clicking: Biggest States A-Z
6
US States
7
Popular People in 1961
8
Movies - When Are They Set?
More Literature Quizzes
Picture Click: Book Cover Cars
Quiz Lab
Trending Quizzes
Risky Map Clicking: Least Populous States A-Z
1-10 Letter G Words
1-10 Letter F Words
Risky Map Clicking: Next State Alphabetically
Risky Map Clicking: Biggest States A-Z
Recently Updated
Leaping Animals
pecheneg
Reality TV Shows (A-Z)
bhenderson79
Rickey Henderson's Hall of Fame Teammates
pecheneg
Champions League XIs: Arsenal
pecheneg
Quick Pick: Celebrities in WWE's Hall of Fame
aduchscher
A-Z Keypad Blitz II
pecheneg
Multiple Oscar Actors
pecheneg
Mystery Phrase Blitz: Oscar 'Best Actors'
pecheneg
F. Scott Fitzgerald Novels
LTH
Pick 3 Villains
ddd62291
Trending Topics
Kpop
Harry Potter
Disney
Crossword
Marvel
Anime
NBA
Pokémon
Soccer
Puzzle
Song
WWE
Country
The Office
NFL
Your Account Isn't Verified!
In order to create a playlist on Sporcle, you need to verify the email address you used during registration. Go to your
Sporcle Settings
to finish the process.
Report this User
Report this user for behavior that violates our
Community Guidelines
.
Details:
Send Report
Go to the Sporcle.com Mobile Site →
Comments